[Event "Saint Louis Cairns Cup (Women) 5th"]
[Site "Saint Louis"]
[Date "2025.06.17"]
[Round "7"]
[White "Yip, Carissa"]
[Black "Koneru, Humpy"]
[Result "1-0"]
[WhiteElo "2431"]
[BlackElo "2543"]
[PlyCount "61"]
[EventDate "2025.06.10"]
[EventType "tourn"]
[EventRounds "9"]
[EventCountry "USA"]
[EventCategory "10"]
[SourceTitle "CB26_2025"]
[SourceDate "2025.06.25"]
[SourceVersion "1"]
[SourceVersionDate "2025.06.25"]
[SourceQuality "1"]

1. e4 e5 2. Nf3 Nc6 3. Bb5 a6 4. Ba4 Nf6 5. 0-0 Nxe4 6. Re1 Nc5 7. Bxc6 dxc6 8. Nxe5 Be7 9. d4 Ne6 10. Be3 0-0 11. c4 f6 12. Nf3 Re8 13. Nc3 Nf8 14. Qb3 Bg4 15. Qxb7 Bxf3 16. gxf3 Qd7 17. d5 Bd6 18. Ne4 Be5 19. Qxc6 Qf5 20. Ng3 Qxf3 21. Bc5 Ng6 22. Re3 Qg4 23. d6 Qxc4 24. d7 Red8 25. Rd1 Rab8 26. b3 Qg4 27. Rd4 Ne7 28. Bxe7 Bxd4 29. Qc4+ Kh8 30. Bxd8 Qd1+ 31. Qf1 1-0

[Event "Saint Louis Cairns Cup (Women) 5th"]
[Site "Saint Louis"]
[Date "2025.06.10"]
[Round "1"]
[White "Harika, Dronavalli"]
[Black "Yip, Carissa"]
[Result "1-0"]
[WhiteElo "2483"]
[BlackElo "2431"]
[PlyCount "235"]
[EventDate "2025.06.10"]
[EventType "tourn"]
[EventRounds "9"]
[EventCountry "USA"]
[EventCategory "10"]
[SourceTitle "CB26_2025"]
[SourceDate "2025.06.25"]
[SourceVersion "1"]
[SourceVersionDate "2025.06.25"]
[SourceQuality "1"]

1. e4 e5 2. Nf3 Nc6 3. Bb5 a6 4. Ba4 Nf6 5. 0-0 Be7 6. Bxc6 dxc6 7. d3 Nd7 8. Be3 0-0 9. Nc3 Re8 10. Ne2 f6 11. Nd2 Nf8 12. f4 exf4 13. Nxf4 Ne6 14. Nh5 Nf8 15. Qf3 Be6 16. Qf2 b6 17. a4 a5 18. Nf3 Bf7 19. Ng3 Ng6 20. Ng5 Rf8 21. Nxf7 Rxf7 22. Nf5 Bd6 23. g4 Qd7 24. Kh1 c5 25. b3 Be5 26. Rad1 Qc6 27. Qg2 Re8 28. Bd2 Qe6 29. Rde1 Rd7 30. h4 Ne7 31. Re3 Nc6 32. Rh3 Nd4 33. Be3 Kh8 34. Bxd4 cxd4 35. h5 h6 36. Nh4 Kg8 37. Ng6 Bd6 38. Rhf3 Rdd8 39. Rf5 Kh7 40. Qf3 Rd7 41. Kg2 Rdd8 42. Kh3 Kg8 43. Qf2 c5 44. Rd5 Be5 45. Rxd8 Rxd8 46. Qf5 Re8 47. Qxe6+ Rxe6 48. Rf5 Kf7 49. Kg2 Re8 50. Kf3 Re6 51. Ke2 Re8 52. Kf2 Re6 53. Nh4 Re7 54. Nf3 Ke6 55. g5 Bc7 56. g6 Rd7 57. Ke2 Bg3 58. Kf1 Bc7 59. Kg2 Rd8 60. Nd2 Be5 61. Nc4 Bc7 62. Kf3 Rd7 63. Kg4 Rd8 64. Nd2 Rd7 65. Nf3 Rd8 66. Nh4 Be5 67. Rf2 Rd7 68. Nf5 Bc7 69. Kf3 Bd6 70. Ke2 Be5 71. Rf1 Rc7 72. Kf3 Bd6 73. Re1 Rd7 74. Rg1 Bf8 75. Kf4 Bd6+ 76. Kg4 Bf8 77. Kf3 Ke5 78. Rg4 Rb7 79. Ke2 Rd7 80. Kd1 Rc7 81. Nh4 Ke6 82. Rf4 Rd7 83. Rf5 Be7 84. Ke2 Bd8 85. Kf3 Bc7 86. Ng2 Be5 87. Nf4+ Bxf4 88. Kxf4 Rd8 89. Kf3 Rd6 90. Kg3 Rd8 91. Kg4 Rd7 92. Rf1 Rd8 93. e5 fxe5 94. Rf7 Rd7 95. Rf8 e4 96. dxe4 d3 97. Re8+ Kd6 98. cxd3 Kc6 99. Rc8+ Kb7 100. Rg8 Kc6 101. Kf4 b5 102. Ke3 bxa4 103. bxa4 Re7 104. Rf8 Kd6 105. Rd8+ Kc7 106. Rd5 Kc6 107. Rf5 Kd6 108. d4 cxd4+ 109. Kxd4 Ra7 110. Rb5 Ke6 111. Rb6+ Ke7 112. Ke5 Rc7 113. Rb5 Ra7 114. Kf5 Kd6 115. e5+ Kc6 116. Ke6 Ra8 117. Kf7 Ra7+ 118. Kf8 1-0

[Event "Saint Louis Spring-B"]
[Site "Saint Louis"]
[Date "2025.04.24"]
[Round "4"]
[White "Yip, Carissa"]
[Black "Kacharava, Nikoloz"]
[Result "1-0"]
[WhiteElo "2412"]
[BlackElo "2521"]
[PlyCount "137"]
[EventDate "2025.04.21"]
[EventType "tourn"]
[EventRounds "9"]
[EventCountry "USA"]
[EventCategory "11"]
[SourceTitle "CB18_2025"]
[SourceDate "2025.04.30"]
[SourceVersion "1"]
[SourceVersionDate "2025.04.30"]
[SourceQuality "1"]

1. e4 c5 2. c3 Nf6 3. e5 Nd5 4. Nf3 Nc6 5. d4 cxd4 6. cxd4 d6 7. Bc4 dxe5 8. dxe5 Ndb4 9. 0-0 Qxd1 10. Rxd1 Bg4 11. Nc3 Rc8 12. Be2 g6 13. Bf4 Bg7 14. a3 Na6 15. Rac1 Nc7 16. h3 Be6 17. Ne4 Bf5 18. Nc5 Ne6 19. Nxe6 Bxe6 20. Nd4 Bd7 21. Nxc6 Bxc6 22. Bf3 h6 23. b4 a6 24. Rc5 0-0 25. Rdc1 g5 26. Bg3 Rfd8 27. h4 Rd3 28. a4 gxh4 29. Bxh4 Rb8 30. Bxe7 Bxf3 31. gxf3 Rxf3 32. Bd6 Re8 33. Rc8 Rxc8 34. Rxc8+ Kh7 35. Rc7 Rf5 36. Rxb7 Bxe5 37. Bxe5 Rxe5 38. Rxf7+ Kg6 39. Ra7 Re6 40. Kg2 Kf5 41. Rb7 Re4 42. a5 Kg5 43. Rb6 h5 44. Rxa6 Rxb4 45. Ra8 Rg4+ 46. Kf3 Kh4 47. a6 Rg6 48. Ke4 Kg4 49. a7 Rg7 50. Ke5 Kh3 51. f4 Re7+ 52. Kf6 Rb7 53. f5 h4 54. Ke6 Rb6+ 55. Ke7 Rb7+ 56. Kd6 Kh2 57. Rh8 Rxa7 58. Rxh4+ Kg3 59. Rd4 Ra6+ 60. Ke7 Ra7+ 61. Ke6 Ra6+ 62. Kf7 Kf3 63. f6 Ke3 64. Rb4 Ra1 65. Kg7 Rg1+ 66. Kf8 Kd3 67. f7 Rg2 68. Rf4 Ke3 69. Rf6 1-0

[Event "Saint Louis Spring-B"]
[Site "Saint Louis"]
[Date "2025.04.21"]
[Round "1"]
[White "Beerdsen, Thomas"]
[Black "Yip, Carissa"]
[Result "1/2-1/2"]
[WhiteElo "2533"]
[BlackElo "2412"]
[PlyCount "81"]
[EventDate "2025.04.21"]
[EventType "tourn"]
[EventRounds "9"]
[EventCountry "USA"]
[EventCategory "11"]
[SourceTitle "CB18_2025"]
[SourceDate "2025.04.30"]
[SourceVersion "1"]
[SourceVersionDate "2025.04.30"]
[SourceQuality "1"]

1. e4 e5 2. Nf3 Nc6 3. Nc3 Nf6 4. a3 d5 5. Bb5 Nxe4 6. Nxe5 Qf6 7. Nf3 Be6 8. Qe2 Qg6 9. 0-0 Nxc3 10. dxc3 Bd6 11. Ne5 Bxe5 12. Qxe5 Rc8 13. f4 0-0 14. Bxc6 bxc6 15. f5 Qh5 16. Qf4 Bd7 17. f6 Rfe8 18. Be3 Re4 19. Qg3 Qg6 20. Qxg6 hxg6 21. Bxa7 Rce8 22. fxg7 Kxg7 23. a4 Bc8 24. Bd4+ Kg8 25. Rf6 R8e6 26. Raf1 Ba6 27. Rxe6 fxe6 28. Rf6 c5 29. Bf2 Kg7 30. Rf3 Rxa4 31. Bxc5 Ra1+ 32. Kf2 Rf1+ 33. Kg3 Rxf3+ 34. Kxf3 Kf6 35. h4 e5 36. g4 Bb7 37. Kg3 Ba6 38. Kf2 Bc8 39. Kf3 Bb7 40. Ke3 Bc8 41. Kf3 1/2-1/2

[Event "American Cup Champ (Women)"]
[Site "Saint Louis"]
[Date "2025.03.18"]
[Round "2.3"]
[White "Yip, Carissa"]
[Black "Abrahamyan, Tatev"]
[Result "0-1"]
[WhiteElo "2408"]
[BlackElo "2310"]
[PlyCount "104"]
[EventDate "2025.03.15"]
[EventType "k.o."]
[EventRounds "4"]
[EventCountry "USA"]
[SourceTitle "CB13_2025"]
[SourceDate "2025.03.26"]
[SourceVersion "1"]
[SourceVersionDate "2025.03.26"]
[SourceQuality "1"]

1. e4 e6 2. d3 d5 3. Nd2 Nf6 4. Ngf3 Nc6 5. g3 dxe4 6. dxe4 Bc5 7. Bg2 e5 8. 0-0 0-0 9. c3 a5 10. Qe2 b6 11. Nc4 Ba6 12. a4 Qe7 13. b3 Qe6 14. Ng5 Qe7 15. Bh3 Rad8 16. Nf3 Ne8 17. Nh4 Nd6 18. Nf5 Nxf5 19. Bxf5 g6 20. Bh3 f5 21. Bh6 Rf7 22. exf5 gxf5 23. Rfd1 Rxd1+ 24. Rxd1 Qf6 25. Bc1 h6 26. Bg2 e4 27. Bf4 Kh7 28. Qh5 Bxc4 29. bxc4 Re7 30. Bh3 Rf7 31. Rd5 Ne7 32. Bxh6 Qg6 33. Qxg6+ Kxg6 34. Be3 Nxd5 35. cxd5 Bxe3 36. fxe3 Rd7 37. c4 c6 38. dxc6 Rc7 39. Bf1 Rxc6 40. Be2 Rd6 41. Kf2 Rd2 42. Ke1 Ra2 43. Bd1 Rxh2 44. g4 fxg4 45. Bxg4 Kf6 46. Be2 Ke5 47. Kd1 Kd6 48. Bg4 Kc5 49. Bf5 Rh4 50. Be6 Rh6 51. Bf5 Kxc4 52. Bxe4 Re6 0-1

[Event "American Cup Champ (Women)"]
[Site "Saint Louis"]
[Date "2025.03.17"]
[Round "1.2"]
[White "Cervantes Landeiro, Thalia"]
[Black "Yip, Carissa"]
[Result "0-1"]
[WhiteElo "2292"]
[BlackElo "2408"]
[PlyCount "92"]
[EventDate "2025.03.15"]
[EventType "k.o."]
[EventRounds "4"]
[EventCountry "USA"]
[SourceTitle "CB13_2025"]
[SourceDate "2025.03.26"]
[SourceVersion "1"]
[SourceVersionDate "2025.03.26"]
[SourceQuality "1"]

1. d4 Nf6 2. c4 e6 3. Nf3 d5 4. Nc3 dxc4 5. e4 b5 6. e5 Nd5 7. Nxb5 Nb6 8. Be2 Nc6 9. 0-0 Be7 10. Be3 0-0 11. a3 Rb8 12. Qc2 Na5 13. Nc3 Bb7 14. Rad1 Qd7 15. Ng5 Bxg5 16. Bxg5 h6 17. Be3 Nd5 18. Na4 Qc6 19. Bf3 f5 20. Nc5 Ba8 21. Bd2 Nb3 22. Bb4 Nxc5 23. Bxc5 Rb3 24. Bxf8 Rxf3 25. gxf3 Nf4 26. d5 Qe8 27. Kh1 Qh5 28. Qc3 Nxd5 29. Rxd5 Bxd5 30. Bb4 Bxf3+ 31. Qxf3 Qxf3+ 32. Kg1 h5 33. Rc1 Qg4+ 34. Kf1 h4 35. Rc3 f4 36. h3 Qd1+ 37. Kg2 Qd5+ 38. Kg1 Kf7 39. Rc1 Qd3 40. Rc3 Qd1+ 41. Kh2 Qd4 42. Kg1 Qe4 43. Kh2 g5 44. Rc1 f3 45. Kg1 g4 46. Re1 Qg6 0-1

[Event "American Cup Champ (Women)"]
[Site "Saint Louis"]
[Date "2025.03.17"]
[Round "2.1"]
[White "Yip, Carissa"]
[Black "Abrahamyan, Tatev"]
[Result "0-1"]
[WhiteElo "2408"]
[BlackElo "2310"]
[PlyCount "72"]
[EventDate "2025.03.15"]
[EventType "k.o."]
[EventRounds "4"]
[EventCountry "USA"]
[SourceTitle "CB13_2025"]
[SourceDate "2025.03.26"]
[SourceVersion "1"]
[SourceVersionDate "2025.03.26"]
[SourceQuality "1"]

1. c4 e6 2. g3 Nf6 3. Bg2 d5 4. Nf3 Be7 5. 0-0 0-0 6. b3 a5 7. Nc3 c6 8. d4 b6 9. Bb2 Ba6 10. Ne5 Nfd7 11. Qc2 Nxe5 12. dxe5 Nd7 13. f4 b5 14. cxd5 cxd5 15. f5 Rc8 16. f6 gxf6 17. exf6 Bxf6 18. Rxf6 Qxf6 19. Qd2 Qg6 20. e4 b4 21. Na4 Rfd8 22. exd5 e5 23. Qe3 f6 24. Bh3 Rc2 25. Re1 Qh5 26. Qe4 Re2 27. Rxe2 Qxe2 28. Qb1 Qe3+ 29. Kh1 Bd3 30. Qd1 Be2 31. Qb1 Bf3+ 32. Bg2 Rc8 33. h4 Qf2 34. Bxf3 Rc2 35. Qxc2 Qxc2 36. Kg1 f5 0-1

[Event "Pan American Intercollegiate-chT"]
[Site "Charlotte"]
[Date "2025.01.02"]
[Round "1.27"]
[White "Nareddy, Vineeth"]
[Black "Yip, Carissa"]
[Result "0-1"]
[WhiteElo "1899"]
[BlackElo "2432"]
[PlyCount "54"]
[EventDate "2025.01.02"]
[EventType "team-swiss"]
[EventRounds "6"]
[EventCountry "USA"]
[SourceTitle "CB02_2025"]
[SourceDate "2025.01.08"]
[SourceVersion "1"]
[SourceVersionDate "2025.01.08"]
[SourceQuality "1"]
[WhiteTeam "Georgia Inst of Technology"]
[BlackTeam "Stanford"]
[WhiteTeamCountry "USA"]
[BlackTeamCountry "USA"]

1. e4 c5 2. Nf3 d6 3. d4 cxd4 4. Nxd4 Nf6 5. Nc3 Nc6 6. Be2 g6 7. Be3 Bg7 8. 0-0 0-0 9. Re1 Bd7 10. Nxc6 bxc6 11. Qd3 Qa5 12. Rab1 Be6 13. a3 Rfb8 14. b4 Qc7 15. a4 d5 16. Bd4 dxe4 17. Nxe4 Rd8 18. c3 Nxe4 19. Qxe4 Bf5 20. Qh4 Bxd4 21. cxd4 Bxb1 22. Rxb1 Qd6 23. Bf3 Rab8 24. b5 cxb5 25. axb5 a6 26. Qg5 axb5 27. Rxb5 h6 0-1

[Event "Wch Blitz (Women) Final"]
[Site "New York"]
[Date "2024.12.31"]
[Round "1.2"]
[White "Lagno, Kateryna"]
[Black "Yip, Carissa"]
[Result "1-0"]
[WhiteElo "2515"]
[BlackElo "2432"]
[PlyCount "59"]
[EventDate "2024.12.31"]
[EventType "k.o."]
[EventRounds "3"]
[EventCountry "USA"]
[SourceTitle "CB03_2025"]
[SourceDate "2025.01.15"]
[SourceVersion "1"]
[SourceVersionDate "2025.01.15"]
[SourceQuality "1"]

1. e4 e5 2. Nf3 Nc6 3. Bb5 f5 4. d3 fxe4 5. dxe4 Nf6 6. Nc3 Bb4 7. Bc4 Na5 8. Bd3 Bxc3+ 9. bxc3 d6 10. h3 0-0 11. 0-0 Kh8 12. c4 b6 13. Nd2 Be6 14. Qe2 Qe8 15. Nb3 Qa4 16. Nxa5 Qxa5 17. a4 Qc5 18. Be3 Qc6 19. Bd2 a5 20. f4 exf4 21. Rxf4 Nd7 22. Rh4 Ne5 23. Qh5 Bg8 24. Bc3 Qc5+ 25. Kh1 Nxc4 26. e5 Nxe5 27. Bxh7 g6 28. Bxg6+ Kg7 29. Qg5 Qxc3 30. Be8+ 1-0

[Event "Wch Blitz (Women) Final"]
[Site "New York"]
[Date "2024.12.31"]
[Round "1.4"]
[White "Lagno, Kateryna"]
[Black "Yip, Carissa"]
[Result "1-0"]
[WhiteElo "2515"]
[BlackElo "2432"]
[PlyCount "70"]
[EventDate "2024.12.31"]
[EventType "k.o."]
[EventRounds "3"]
[EventCountry "USA"]
[SourceTitle "CB03_2025"]
[SourceDate "2025.01.15"]
[SourceVersion "1"]
[SourceVersionDate "2025.01.15"]
[SourceQuality "1"]

1. e4 e5 2. Nf3 Nc6 3. Bc4 Bc5 4. d3 Nf6 5. Nc3 d6 6. Na4 Bb6 7. Nxb6 axb6 8. c3 h6 9. 0-0 Bg4 10. Re1 Qd7 11. b4 0-0 12. a4 Kh8 13. Bb3 Nh7 14. h3 Bxf3 15. Qxf3 f5 16. exf5 Rxf5 17. Qg3 Raf8 18. Ra2 d5 19. Rae2 d4 20. b5 Na5 21. Bc2 dxc3 22. d4 e4 23. Bxe4 R5f7 24. Bg6 Rf6 25. Re7 Qd6 26. Qxd6 Rxd6 27. Bc2 Nf6 28. Rxc7 Nd5 29. Ba3 Re6 30. Rxe6 Nxc7 31. Re7 Rc8 32. Rd7 Ne6 33. Bb4 Nc4 34. Bxc3 Na3 35. Bf5 Rxc3 1-0

[Event "Wch Blitz (Women) Final"]
[Site "New York"]
[Date "2024.12.31"]
[Round "1.1"]
[White "Yip, Carissa"]
[Black "Lagno, Kateryna"]
[Result "1/2-1/2"]
[WhiteElo "2432"]
[BlackElo "2515"]
[PlyCount "80"]
[EventDate "2024.12.31"]
[EventType "k.o."]
[EventRounds "3"]
[EventCountry "USA"]
[SourceTitle "CB03_2025"]
[SourceDate "2025.01.15"]
[SourceVersion "1"]
[SourceVersionDate "2025.01.15"]
[SourceQuality "1"]

1. Nf3 d5 2. g3 Nf6 3. Bg2 e6 4. d3 Be7 5. 0-0 0-0 6. Nbd2 b6 7. e4 dxe4 8. dxe4 Bb7 9. e5 Ne4 10. Nxe4 Qxd1 11. Rxd1 Bxe4 12. Be3 c5 13. Nd2 Bxg2 14. Kxg2 Nc6 15. Nc4 Rfd8 16. c3 Rd5 17. Kf1 Rad8 18. Ke2 Nxe5 19. Nxe5 Rxe5 20. c4 Kf8 21. b3 Ke8 22. Kf3 Rf5+ 23. Ke4 Bf6 24. Rxd8+ Kxd8 25. Rd1+ Ke7 26. f4 Rh5 27. h4 e5 28. Rd5 g6 29. fxe5 Bg7 30. Bg5+ f6 31. exf6+ Bxf6 32. Bxf6+ Kxf6 33. Rxh5 gxh5 34. Kf4 h6 35. Ke4 Ke6 36. a3 a6 37. a4 a5 38. Kf4 Kf6 39. Ke4 Ke6 40. Kf4 Kf6 1/2-1/2

[Event "Wch Blitz (Women)"]
[Site "New York"]
[Date "2024.12.30"]
[Round "10"]
[White "Yip, Carissa"]
[Black "Garifullina, Leya"]
[Result "1-0"]
[WhiteElo "2432"]
[BlackElo "2451"]
[PlyCount "61"]
[EventDate "2024.12.30"]
[EventType "swiss (blitz)"]
[EventRounds "11"]
[EventCountry "USA"]
[SourceTitle "CB01_2025"]
[SourceDate "2025.01.01"]
[SourceVersion "1"]
[SourceVersionDate "2025.01.01"]
[SourceQuality "1"]

1. e4 c5 2. Nf3 d6 3. d4 cxd4 4. Nxd4 Nf6 5. Nc3 a6 6. h3 e5 7. Nb3 Be6 8. Qf3 Nbd7 9. g4 h6 10. Rg1 Rc8 11. Bd2 b5 12. a3 Nb6 13. 0-0-0 Nc4 14. Nd5 Bxd5 15. exd5 Nxd2 16. Rxd2 Qb6 17. h4 Nd7 18. g5 hxg5 19. hxg5 g6 20. Bh3 Rc7 21. Re2 Be7 22. Bxd7+ Rxd7 23. Nd2 b4 24. a4 Qa5 25. b3 Kf8 26. Ne4 Qxd5 27. Rd2 Qc6 28. Rh1 Rxh1+ 29. Qxh1 Kg7 30. Qh6+ Kg8 31. Nf6+ 1-0

[Event "Wch Blitz (Women)"]
[Site "New York"]
[Date "2024.12.30"]
[Round "9"]
[White "Yip, Carissa"]
[Black "Sargsyan, Anna M"]
[Result "1-0"]
[WhiteElo "2432"]
[BlackElo "2361"]
[PlyCount "63"]
[EventDate "2024.12.30"]
[EventType "swiss (blitz)"]
[EventRounds "11"]
[EventCountry "USA"]
[SourceTitle "CB01_2025"]
[SourceDate "2025.01.01"]
[SourceVersion "1"]
[SourceVersionDate "2025.01.01"]
[SourceQuality "1"]

1. e4 e5 2. d4 exd4 3. Qxd4 Nc6 4. Qc4 Nf6 5. Nc3 d6 6. Bd2 Be7 7. 0-0-0 0-0 8. f4 Be6 9. Qe2 Re8 10. Nf3 b5 11. Qxb5 Bd7 12. Qd3 Rb8 13. a3 Ng4 14. Qe2 Bf6 15. h3 Nh6 16. g4 Nd4 17. Nxd4 Bxd4 18. Qc4 c5 19. g5 Be6 20. Qa6 Bc8 21. Qd3 Qb6 22. b3 c4 23. Qxc4 Be6 24. Nd5 Bxd5 25. Qxd5 Rec8 26. Bc4 Bc5 27. gxh6 Bxa3+ 28. Kb1 Rc7 29. Rhg1 g6 30. Bc3 Bc5 31. Rg2 Re8 32. f5 1-0

[Event "Wch Rapid (Women)"]
[Site "New York"]
[Date "2024.12.28"]
[Round "9"]
[White "Yip, Carissa"]
[Black "Tsolakidou, Stavroula"]
[Result "1/2-1/2"]
[WhiteElo "2389"]
[BlackElo "2381"]
[PlyCount "85"]
[EventDate "2024.12.26"]
[EventType "swiss (rapid)"]
[EventRounds "11"]
[EventCountry "USA"]
[SourceTitle "CB01_2025"]
[SourceDate "2025.01.01"]
[SourceVersion "1"]
[SourceVersionDate "2025.01.01"]
[SourceQuality "1"]

1. e4 c5 2. Nf3 a6 3. g3 b5 4. Bg2 Bb7 5. d3 g6 6. 0-0 Bg7 7. Re1 d6 8. c3 Nf6 9. a4 0-0 10. Qb3 Qa5 11. Na3 Nbd7 12. axb5 axb5 13. e5 dxe5 14. Nxe5 Bxg2 15. Kxg2 Nxe5 16. Rxe5 Qc7 17. Re1 Qc6+ 18. Kg1 Ng4 19. Bf4 Qf3 20. Qc2 b4 21. Nb5 Rxa1 22. Rxa1 e5 23. Bg5 b3 24. Qd2 f6 25. Be3 Qc6 26. c4 f5 27. h3 Nxe3 28. Qxe3 e4 29. dxe4 fxe4 30. Ra7 Qf6 31. Nc3 Qd4 32. Nxe4 Qxe3 33. fxe3 Bxb2 34. Rb7 Re8 35. Nxc5 Rxe3 36. Kg2 Rc3 37. Rb8+ Kf7 38. Ne4 Rc2+ 39. Kf3 Be5 40. Rxb3 Rxc4 41. Ng5+ Kg8 42. Re3 Rc3 43. Rxc3 1/2-1/2

[Event "Wch Rapid (Women)"]
[Site "New York"]
[Date "2024.12.26"]
[Round "2"]
[White "Yip, Carissa"]
[Black "Kiolbasa, Oliwia"]
[Result "1-0"]
[WhiteElo "2389"]
[BlackElo "2291"]
[PlyCount "61"]
[EventDate "2024.12.26"]
[EventType "swiss (rapid)"]
[EventRounds "11"]
[EventCountry "USA"]
[SourceTitle "CB01_2025"]
[SourceDate "2025.01.01"]
[SourceVersion "1"]
[SourceVersionDate "2025.01.01"]
[SourceQuality "1"]

1. e4 e5 2. d4 exd4 3. Qxd4 Nc6 4. Qc4 Nf6 5. Nc3 d5 6. exd5 Nb4 7. Qe2+ Qe7 8. Be3 Nfxd5 9. Nxd5 Nxd5 10. Bd4 Qxe2+ 11. Bxe2 Nb4 12. 0-0-0 Nxa2+ 13. Kb1 Nb4 14. Nf3 Bf5 15. Bb5+ c6 16. Rhe1+ Be6 17. Bc4 0-0-0 18. Bxe6+ fxe6 19. Ng5 Rd7 20. Nxe6 b6 21. Be5 Rg8 22. f4 a5 23. f5 b5 24. g4 Nd5 25. g5 a4 26. f6 gxf6 27. gxf6 a3 28. Rg1 Rxg1 29. Rxg1 Bb4 30. c3 Ba5 31. Rg8+ 1-0

[Event "USA-ch (Women)"]
[Site "Saint Louis"]
[Date "2024.10.12"]
[Round "2"]
[White "Atwell, Rose"]
[Black "Yip, Carissa"]
[Result "0-1"]
[WhiteElo "2185"]
[BlackElo "2418"]
[PlyCount "58"]
[EventDate "2024.10.11"]
[EventType "tourn"]
[EventRounds "11"]
[EventCountry "USA"]
[EventCategory "3"]
[SourceTitle "CB43_2024"]
[Source "Chessbase"]
[SourceDate "2024.10.23"]
[SourceVersion "1"]
[SourceVersionDate "2024.10.23"]
[SourceQuality "1"]

1. Nf3 Nf6 2. b3 g6 3. Bb2 Bg7 4. g3 0-0 5. Bg2 a5 6. 0-0 d5 7. c4 c6 8. d3 Nbd7 9. cxd5 cxd5 10. Na3 a4 11. b4 Re8 12. Rc1 Qb6 13. Qd2 e5 14. Nc2 e4 15. Nfd4 Ne5 16. Ne3 Bd7 17. Rc5 a3 18. Ba1 Qd6 19. Nb5 Bxb5 20. Rxb5 Qd7 21. Rb6 d4 22. Nc2 Nd5 23. Bxd4 Nxb6 24. Bxb6 Nc4 25. Bh3 f5 26. Qf4 Nxb6 27. dxe4 Be5 28. Qg5 Qd8 29. Qh6 Bg7 0-1

[Event "Olympiad Women-45"]
[Site "Budapest"]
[Date "2024.09.19"]
[Round "8.1"]
[White "Khamdamova, Afruza"]
[Black "Yip, Carissa"]
[Result "0-1"]
[WhiteElo "2313"]
[BlackElo "2386"]
[PlyCount "144"]
[EventDate "2024.09.11"]
[EventType "team-swiss"]
[EventRounds "11"]
[EventCountry "HUN"]
[SourceTitle "EXT 2025"]
[Source "ChessBase"]
[SourceDate "2024.10.14"]
[SourceVersion "1"]
[SourceVersionDate "2024.10.14"]
[SourceQuality "1"]
[WhiteTeam "Uzbekistan (W)"]
[BlackTeam "United States (W)"]
[WhiteTeamCountry "UZB"]
[BlackTeamCountry "USA"]

1. e4 d5 2. exd5 Qxd5 3. Nc3 Qd8 4. d4 Nf6 5. Nf3 g6 6. Bc4 Bg7 7. 0-0 0-0 8. h3 a6 9. a4 b6 10. Re1 Bb7 11. Bf4 e6 12. Qe2 Nc6 13. Rad1 Re8 14. Bb3 Ne7 15. Be5 Nf5 16. Nb1 Ne4 17. Bxg7 Kxg7 18. Nbd2 Nxd2 19. Rxd2 Bxf3 20. Qxf3 c5 21. c3 cxd4 22. cxd4 Qd6 23. Red1 Ra7 24. Bc2 Ne7 25. Qe3 Rd8 26. Qe5+ Kg8 27. Bb3 Rad7 28. Qf6 Rc8 29. Rd3 Nf5 30. Re1 Ne7 31. Red1 Nd5 32. Qe5 Nb4 33. R3d2 Rcd8 34. Qe3 Rc7 35. Qf3 Nd5 36. Qe2 a5 37. Qe5 Nb4 38. Qb5 Rdc8 39. g3 Rc1 40. Qe5 Rxd1+ 41. Rxd1 Rd8 42. Qf6 Nd5 43. Qf3 Qb4 44. Kg2 Kg7 45. Rd3 h5 46. Qe4 b5 47. Qe5+ Kg8 48. axb5 Qxb5 49. Rf3 Qc6 50. g4 h4 51. Bxd5 Rxd5 52. Qf6 Qb7 53. b3 Rd7 54. Kh2 Rxd4 55. Qxd4 Qxf3 56. Qd8+ Kg7 57. Qd4+ Kh7 58. Qa7 Kh6 59. Qb6 e5 60. Qc5 Kh7 61. Qb6 Qf4+ 62. Kg2 Qe4+ 63. Kg1 Qb1+ 64. Kh2 a4 65. Qf6 Qxb3 66. Qxh4+ Kg7 67. Qe7 Qb2 68. Kg2 a3 69. g5 e4 70. h4 a2 71. h5 gxh5 72. g6 Qf6 0-1

[Event "Olympiad Women-45"]
[Site "Budapest"]
[Date "2024.09.15"]
[Round "5.4"]
[White "Yip, Carissa"]
[Black "Munguntuul, Batkhuyag"]
[Result "1/2-1/2"]
[WhiteElo "2386"]
[BlackElo "2346"]
[PlyCount "109"]
[EventDate "2024.09.11"]
[EventType "team-swiss"]
[EventRounds "11"]
[EventCountry "HUN"]
[SourceTitle "EXT 2025"]
[Source "ChessBase"]
[SourceDate "2024.10.14"]
[SourceVersion "1"]
[SourceVersionDate "2024.10.14"]
[SourceQuality "1"]
[WhiteTeam "United States (W)"]
[BlackTeam "Mongolia (W)"]
[WhiteTeamCountry "USA"]
[BlackTeamCountry "MGL"]

1. e4 c6 2. d4 d5 3. e5 Bf5 4. Nf3 e6 5. Be2 c5 6. 0-0 Nc6 7. Be3 cxd4 8. Nxd4 Nxd4 9. Qxd4 Ne7 10. Qa4+ Nc6 11. c4 d4 12. Rd1 Bc5 13. b4 Qh4 14. g3 Qe4 15. Bd3 Qf3 16. Nd2 Qh5 17. Bf4 Bxb4 18. Bxf5 Qxf5 19. Nf3 0-0 20. Rab1 Qe4 21. Ng5 Qe2 22. Qb3 Bc3 23. Qxb7 Nxe5 24. c5 d3 25. Ne4 Bd4 26. Bxe5 Bxe5 27. Rd2 Rab8 28. Rxe2 Rxb7 29. Ree1 Rxb1 30. Rxb1 f5 31. Ng5 h6 32. Nxe6 Re8 33. Nf4 d2 34. Kf1 Bc3 35. Ne2 Ba5 36. Rd1 Kf7 37. c6 Kf6 38. c7 Rc8 39. Nd4 Rxc7 40. Nb3 Bb4 41. Nxd2 Rc2 42. Nb3 Rxa2 43. Rd5 g6 44. Rb5 a5 45. h3 Ra3 46. Nd4 Rc3 47. Rb6+ Kg7 48. Ra6 Rd3 49. Nc6 f4 50. gxf4 Rf3 51. Kg2 Rxf4 52. Nxa5 Bc5 53. Nb7 Rxf2+ 54. Kg3 Rf5 55. Nxc5 1/2-1/2

[Event "Budapest SixDays 07 GM-B"]
[Site "Budapest"]
[Date "2024.08.02"]
[Round "7"]
[White "Yip, Carissa"]
[Black "Pacher, Milan"]
[Result "1-0"]
[WhiteElo "2402"]
[BlackElo "2384"]
[PlyCount "43"]
[EventDate "2024.07.29"]
[EventType "tourn"]
[EventRounds "9"]
[EventCountry "HUN"]
[EventCategory "6"]
[SourceTitle "CBM 221 Extra"]
[Source "ChessBase"]
[SourceDate "2024.09.30"]
[SourceVersion "1"]
[SourceVersionDate "2024.09.30"]
[SourceQuality "1"]

1. e4 e5 2. d4 exd4 3. Qxd4 Nc6 4. Qc4 Nf6 5. Nc3 Bb4 6. Bd2 d6 7. 0-0-0 Be6 8. Qe2 Qe7 9. a3 Bc5 10. h3 0-0-0 11. f4 Rhe8 12. Nf3 Kb8 13. Qe1 d5 14. e5 Nd7 15. Bb5 d4 16. Ne2 Bd5 17. Bxc6 Bxc6 18. Nexd4 Bxd4 19. Nxd4 Nxe5 20. Qxe5 Bxg2 21. Qxe7 Rxe7 22. Rh2 1-0

[Event "Budapest SixDays 07 GM-B"]
[Site "Budapest"]
[Date "2024.08.01"]
[Round "6"]
[White "Fodor, Tamas Jr"]
[Black "Yip, Carissa"]
[Result "1-0"]
[WhiteElo "2494"]
[BlackElo "2402"]
[PlyCount "87"]
[EventDate "2024.07.29"]
[EventType "tourn"]
[EventRounds "9"]
[EventCountry "HUN"]
[EventCategory "6"]
[SourceTitle "CBM 221 Extra"]
[Source "ChessBase"]
[SourceDate "2024.09.30"]
[SourceVersion "1"]
[SourceVersionDate "2024.09.30"]
[SourceQuality "1"]

1. d4 Nf6 2. c4 g6 3. Nc3 Bg7 4. e4 d6 5. Be2 0-0 6. Be3 Na6 7. Nf3 e5 8. 0-0 Qe7 9. dxe5 dxe5 10. Nd5 Qd8 11. Qc2 c6 12. Nxf6+ Bxf6 13. c5 Nc7 14. Rfd1 Qe7 15. h3 Be6 16. Rd6 Rfd8 17. Rad1 Ne8 18. R6d2 Nc7 19. Qa4 Rxd2 20. Rxd2 Kg7 21. Qa5 h6 22. a3 Kh7 23. Rd6 Ne8 24. Rd1 Bb3 25. Rd2 Be6 26. Qc3 Qc7 27. Rd1 Rb8 28. b4 a6 29. Bc1 Ra8 30. a4 a5 31. b5 cxb5 32. axb5 Rc8 33. Ba3 Be7 34. b6 Qc6 35. Nxe5 Qxe4 36. Bf3 Qa4 37. Re1 Qb5 38. Bxb7 Rxc5 39. Bxc5 Bxc5 40. Nd3 Bxb6 41. Bc6 Qc4 42. Qxc4 Bxc4 43. Nb2 Nd6 44. Rd1 1-0